000 00650nam a2200217 4500
003 OSt
005 20260530113901.0
008 260508b2020 cl ||||| |||| 00| 0 spa d
020 _a9789569677335
040 _aICI
_bspa
_cICI
041 _aspa
050 _aHD58.8
_b.D57
100 1 _aKorn Bruzzone, José
_dautor
_932291
245 1 0 _aDiseño Estado de madurez y desarrollo en Latinoamérica y el Caribe
264 1 _aSantiago de Chile
_bEdiciones Universidad Tecnológica Metropolitana
_c2020
300 _a286 páginas
336 _atexto
_2rdacontent
337 _asin medio
_2rdamedia
338 _avolumen
_2rdacarrier
942 _2lcc
_cBK
_n1
999 _c11778
_d11778